Critical issues in aging policy : (Record no. 1446)

000 -LEADER
fixed length control field nam a22 a 4500
005 - DATE AND TIME OF LATEST TRANSACTION
control field 20170509152141.0
008 - FIXED-LENGTH DATA ELEMENTS--GENERAL INFORMATION
fixed length control field 170509s1987 - |b 000 | eng d
020 ## - INTERNATIONAL STANDARD BOOK NUMBER
International Standard Book Number 0803928955
040 ## - CATALOGING SOURCE
Original cataloging agency AKMAL
082 ## - DEWEY DECIMAL CLASSIFICATION NUMBER
Classification number 305.2609 BOR
090 ## - LOCALLY ASSIGNED LC-TYPE CALL NUMBER (OCLC); LOCAL CALL NUMBER (RLIN)
Classification number (OCLC) (R) ; Classification number, CALL (RLIN) (NR) 305.2609
Local cutter number (OCLC) ; Book number/undivided call number, CALL (RLIN) BOR
245 00 - TITLE STATEMENT
Title Critical issues in aging policy :
Remainder of title linking research and values
Statement of responsibility, etc. Edgar F Borgatta, Rhonda J.V. Montgomery.
260 ## - PUBLICATION, DISTRIBUTION, ETC.
Name of publisher, distributor, etc. Sage Publications
Date of publication, distribution, etc. 1987.
300 ## - PHYSICAL DESCRIPTION
Dimensions cm
650 0# - SUBJECT ADDED ENTRY--TOPICAL TERM
Topical term or geographic name entry element Older people
General subdivision Government policy
Geographic subdivision United States.
9 (RLIN) 2861
700 1# - ADDED ENTRY--PERSONAL NAME
Personal name Borgatta, Edgar F.
Dates associated with a name 1924
Relator term Ed.
9 (RLIN) 2862
700 1# - ADDED ENTRY--PERSONAL NAME
Personal name Montgomery, Rhonda J. V.,
Relator term Ed.
9 (RLIN) 2863
942 ## - ADDED ENTRY ELEMENTS (KOHA)
Source of classification or shelving scheme
Koha item type Book
Holdings
Withdrawn status Lost status Source of classification or shelving scheme Damaged status Not for loan Collection code Home library Current library Shelving location Date acquired Inventory number Total Checkouts Full call number Barcode Date last seen Price effective from Koha item type
          NON-FICTION AKMAL Melaka AKMAL Melaka PINJAMAN 09.05.2017 302176   305.2609 BOR 201702720 09.05.2017 09.05.2017 Book
Pusat Sumber Maklumat Dato' Haji Sarmin Md Hussin, Akademi Kastam Diraja Malaysia, Melaka
Tel: 06-2331106 | Faks: 06-2313787